Nitric oxide signaling pathways

Podrobná bibliografia
Ďalší autori: Pecháňová, Oľga, 1962- (Editor)
Médium: Kniha
Jazyk:angličtina
Fyzický popis:256 s. grafy, sch., tab. 21 cm
Vydavateľské údaje: [Vrútky] Advent-Orion 2007
ISBN:9788080710941 (brož.)
Vydanie:[1st ed.]
Predmet:

MARC

LEADER 00000nam a2200000 a 4500
001 vtls009168525
003 SK-MaSNL
005 20260301125228.0
008 160610s2007 xo dl f 000 0 eng
015 |a SNBA2008/04-01763 
020 |a 9788080710941 (brož.) 
035 |a 9DA096BE-967F-4236-8A85-427F5CDC93D6 
035 |a urn:nbn:sk:snk-amledy 
035 |a urn:nbn:sk:snk-am008yae 
040 |a SNK  |b slo  |c SNK  |e AACR2 
041 0 |a eng 
044 |a xo  |c SK 
072 7 |a 546  |x Anorganická chémia  |2 konspekt 
072 7 |a 613  |x Hygiena. Ľudské zdravie  |2 konspekt 
080 |a 546.172.6  |2 2001 
080 |a 612.13  |2 2001 
080 |a 616-07  |2 2001 
080 |a 613/614  |2 2001 
080 |a 612.8  |2 2001 
080 |a 616.1/.9  |2 2001 
080 |a (048.8)  |2 2001 
245 0 0 |a Nitric oxide signaling pathways  |c Oľga Pecháňová 
250 |a [1st ed.] 
260 |a [Vrútky]  |b Advent-Orion  |c 2007 
300 |a 256 s.  |b grafy, sch., tab.  |c 21 cm 
504 |a Bibliogr. odkazy 
650 0 7 |a oxid dusnatý  |2 SNKPH  |9 15102 
650 0 7 |a krvný obeh  |2 SNKPH  |9 2511 
650 0 7 |a nervový systém  |2 SNKPH  |9 67250 
650 0 7 |a diagnostika (medicína)  |2 SNKPH  |9 28740 
650 0 7 |a Nitric oxide  |2 SNKPHeng  |9 324535 
650 0 7 |a Blood circulation  |2 SNKPHeng  |9 312037 
650 0 7 |a Nervous system  |2 SNKPHeng  |9 268144 
650 0 7 |a Diagnostic methods  |2 SNKPHeng  |9 266259 
650 0 7 |a zdravie  |2 SNKPH  |9 16322 
650 0 7 |a choroby  |2 SNKPH  |9 837 
650 0 7 |a Health  |2 SNKPHeng  |9 265749 
650 0 7 |a Diseases  |2 SNKPHeng  |9 292071 
655 7 |a monografie  |2 SNKPH  |9 70139 
655 7 |a Monographs  |2 SNKPHeng  |9 120675 
700 1 |a Pecháňová, Oľga,  |d 1962-  |4 edt  |9 8508 
919 |a 978-80-8071-094-1 
958 |a NB 
958 |a MI 
958 |a OND 
968 |d 53+54 
999 |c 741839  |d 743769 
952 |a SNK  |b SNK  |y PREZ  |7 0  |p 17A0573708  |o snkSC 130207  |i snk2007/27420  |8 0  |0 0  |1 0  |4 0  |d 2007-12-18  |f 1  |l 0  |r 2025-06-19 00:00:00  |w 2026-02-23 
952 |a SNK  |b SNK  |y VYP  |7 0  |p 17A0573709  |o snkSC 130207 D1  |i snk2007/27421  |8 0  |0 0  |1 0  |4 0  |d 2007-12-18  |l 0  |r 2026-02-23 23:03:13  |w 2026-02-23